000 00422nam a2200157 i 4500
001 bg
100 1 _aSATALOV, A. S.
245 0 _aFunkcionalnye forminovateli elektriceskich signalov /
_cA.S. Satalov, L.S. Grinberg, Ja.A. Satalov.
260 _aMoskva,
_c1974.
700 1 _aGRINBERG, L. S.
700 1 _aSATALOV, A. A.
040 _cBPK
041 _apol
942 _cKS
008 s pl f |000 0 pol
999 _c16272
_d16272
856 _uhttp://koha.tu.koszalin.pl/cgi-bin/koha/opac-detail.pl?biblionumber=16272
_yKatalog online BPK